Isten és kard [vers] /
Elmentve itt :
| Szerző: | |
|---|---|
| További közreműködők: | |
| Dokumentumtípus: | Cikk |
| Megjelent: |
1982
|
| Sorozat: | Tiszatáj
36 No. 11 |
| Kulcsszavak: | Magyar irodalom - vers, Illyés Gyula |
| Online Access: | http://tiszataj.bibl.u-szeged.hu/11985 |
| LEADER | 00608nab a2200193 i 4500 | ||
|---|---|---|---|
| 001 | tisza11985 | ||
| 005 | 20200330142834.0 | ||
| 008 | 170615s1982 hu o 0|| hun d | ||
| 022 | |a 0133-1167 | ||
| 040 | |a SZTE Tiszatáj Archívum |b hun | ||
| 041 | |a hun | ||
| 100 | 1 | |a Kiss Dénes | |
| 245 | 1 | 0 | |a Isten és kard |h [elektronikus dokumentum] : |b [vers] / |c Kiss Dénes |
| 260 | |c 1982 | ||
| 300 | |a 7-8 | ||
| 490 | 0 | |a Tiszatáj |v 36 No. 11 | |
| 695 | |a Magyar irodalom - vers, Illyés Gyula | ||
| 700 | 0 | 1 | |a Móser Zoltán |
| 856 | 4 | 0 | |u http://tiszataj.bibl.u-szeged.hu/11985/1/tiszataj_1982_011_007-008.pdf |z Dokumentum-elérés |